2025-2026 New England Patriots Roster - Statistics

General Stats
  • This quiz has been taken 262 times
    3 since last reset
  • The average score is 33 of 52
Answer Stats
Hint Answer % Correct
Cornerback Christian Gonzalez
100%
Wide Receiver DeMario Douglas
100%
Quarterback Drake Maye
100%
Tight End Hunter Henry
100%
Wide Receiver Kayshon Boutte
100%
Running Back Rhamondre Stevenson
100%
Wide Receiver Stefon Diggs
100%
Running Back TreVeyon Henderson
100%
Offensive Lineman Will Campbell
100%
Placekicker Andres Borregales
67%
Linebacker Anfernee Jennings
67%
Tight End Austin Hooper
67%
Offensive Lineman Ben Brown
67%
Punter Bryce Baringer
67%
Cornerback Carlton Davis III
67%
Cornerback Charles Woods
67%
Defensive Lineman Christian Barmore
67%
Linebacker Christian Elliss
67%
Tight End C.J. Dippre
67%
Defensive Lineman Cory Durden
67%
Safety Craig Woodson
67%
Safety Dell Pettus
67%
Wide Receiver Efton Chism III
67%
Offensive Lineman Garrett Bradbury
67%
Linebacker Harold Landry III
67%
Linebacker Jack Gibbens
67%
Fullback Jack Westover
67%
Offensive Lineman Jared Wilson
67%
Safety Jaylinn Hawkins
67%
Quarterback Joshua Dobbs
67%
Long Snapper Julian Ashby
67%
Defensive Lineman Khyiris Tonga
67%
Wide Receiver Kyle Williams
67%
Wide Receiver Mack Hollins
67%
Cornerback Marcus Jones
67%
Offensive Lineman Mike Onwenu
67%
Defensive Lineman Milton Williams
67%
Offensive Lineman Morgan Moses
67%
Linebacker Robert Spillane
67%
Offensive Lineman Thayer Munford Jr.
67%
Quarterback Tommy DeVito
67%
Offensive Lineman Vederian Lowe
67%
Offensive Lineman Caedan Wallace
33%
Linebacker Chad Muma
33%
Defensive Lineman Eric Gregory
33%
Linebacker Jahlani Tavai
33%
Linebacker K’Lavon Chaisson
33%
Linebacker Bradyn Swinson
0%
Linebacker Elijah Ponder
0%
Cornerback Kobee Minor
0%
Offensive Lineman Marcus Bryant
0%
Linebacker Marte Mapu
0%
No matching quizzes found
Score Distribution
Percent of People with Each Score
Percentile by Number Answered
Your Score History
You have not taken this quiz since the last reset